Mastering Windows XP registry

Saved in:
Bibliographic Details
Main Author:  Hipson, Peter
Format: Sách
Language:Undetermined
Published:  Sybex 2002
Subjects:
Tags: Add Tag
No Tags, Be the first to tag this record!
Institutions: Trung tâm Thư viện - Trường Đại học Công nghiệp TP. Hồ Chí Minh
LEADER 00475nam a2200157Ia 4500
001 UIH_06555
008 231011s9999 xx 000 0 und d
082 |a  005.43 
100 |a  Hipson, Peter 
245 0 |a  Mastering Windows XP registry 
245 0 |c  Hipson, Peter 
260 |b  Sybex 
260 |c 2002 
650 |a  Hệ điều hành máy tính;  
927 |a Sách 
980 |a Trung tâm Thư viện - Trường Đại học Công nghiệp TP. Hồ Chí Minh